000 00615nam a2200229Ia 4500
003 OSt
005 20220928115701.0
006 a|||||r|||| 00| 0
007 ta
008 220927b |||||||| |||| 00| 0 eng d
024 _a28500
037 _cTextual
040 _aSDCL
_cSDCL
_beng
041 _2eng
_aeng
082 _aX:9, M1
100 _aHunter David M
_9445524
245 0 _aSupervisory management
_b A skiil-building approach
260 _aReston
_bReston Publishing
_c1981
300 _axi,307p
_ccm.
942 _hX:9, M1
_cTEXL
_2CC
999 _c760451
_d760451